[Event "AUT-chT2O 0708"]
[Site "Austria"]
[Date "2007.11.30"]
[Round "3.6"]
[White "Hechl, Gerald"]
[Black "Wutzlhofer, Robert"]
[Result "1-0"]
[WhiteElo "2197"]
[BlackElo "2063"]
[PlyCount "115"]
[EventDate "2007.10.20"]
[EventType "team"]
[EventRounds "11"]
[EventCountry "AUT"]
[SourceTitle "CBM 121 Extra"]
[Source "ChessBase"]
[SourceDate "2008.01.10"]
[SourceVersion "1"]
[SourceVersionDate "2008.01.10"]
[SourceQuality "1"]
[WhiteTeam "Eichgraben"]
[BlackTeam "Mattersburg"]
[WhiteTeamCountry "AUT"]
[BlackTeamCountry "AUT"]

1. e4 c5 2. a3 d6 3. b4 cxb4 4. axb4 Nf6 5. Nc3 g6 6. Bb2 Bg7 7. d4 0-0 8. Be2 h5 9. h3 Qb6 10. b5 e5 11. dxe5 dxe5 12. Nf3 Rd8 13. Qb1 Nbd7 14. 0-0 Nc5 15. Nxe5 Nfxe4 16. Nxe4 Nxe4 17. Nc4 Qxb5 18. Ra5 Qb4 19. Bxg7 Qxb1 20. Rxb1 Kxg7 21. Bd3 Nc3 22. Rb3 Nd5 23. Be4 Be6 24. Rxb7 Nc3 25. Bd3 Rac8 26. Ne5 Kf6 27. Rbxa7 Rd5 28. Nf3 Rxa5 29. Rxa5 Nd5 30. Ra4 Rc3 31. Nd2 Rc7 32. h4 Bf5 33. Ne4+ Bxe4 34. Rxe4 Ne7 35. Rf4+ Kg7 36. Bc4 Nf5 37. Bb3 f6 38. g3 Rd7 39. Rb4 Nh6 40. Be6 Re7 41. Rb6 Rc7 42. c4 Nf7 43. f4 g5 44. Kf2 Nd8 45. Bd5 gxh4 46. gxh4 Nf7 47. Ke3 Nh6 48. Be6 Kf8 49. Kd4 Ke7 50. c5 f5 51. Bd5 Ng4 52. Re6+ Kd8 53. Bc6 Re7 54. Bd5 Ra7 55. c6 Ra1 56. Kc5 Nf2 57. Kd6 Rc1 58. Rh6 1-0

[Event "AUT-chT2O 0506"]
[Site "Austria"]
[Date "2006.02.26"]
[Round "9.5"]
[White "Wutzlhofer, Robert"]
[Black "Janetschek, Karl"]
[Result "0-1"]
[WhiteElo "2080"]
[BlackElo "2310"]
[PlyCount "104"]
[EventDate "2005.11.19"]
[EventType "team"]
[EventRounds "11"]
[EventCountry "AUT"]
[SourceTitle "EXT 2006"]
[Source "ChessBase"]
[SourceDate "2005.11.24"]
[SourceVersion "1"]
[SourceVersionDate "2005.11.24"]
[SourceQuality "1"]
[WhiteTeam "Mattersburg"]
[BlackTeam "Zwettl"]
[WhiteTeamCountry "AUT"]
[BlackTeamCountry "AUT"]

1. d4 d6 2. c4 e5 3. dxe5 dxe5 4. Qxd8+ Kxd8 5. e4 Bb4+ 6. Bd2 Bxd2+ 7. Nxd2 Be6 8. 0-0-0 Nd7 9. Ne2 c6 10. Nc3 f6 11. f3 Kc7 12. Be2 Ne7 13. b3 Rhd8 14. Nf1 Ng6 15. g3 Ngf8 16. Ne3 Bg8 17. Kb2 Ne6 18. Nc2 a5 19. Rd2 Ndc5 20. Rhd1 Rxd2 21. Rxd2 g6 22. Bf1 Ng5 23. Ne1 Rd8 24. Rxd8 Kxd8 25. h4 Nge6 26. Nc2 Bf7 27. a3 Nd4 28. Nxd4 exd4 29. Nd1 h6 30. Nf2 Be6 31. Kc2 g5 32. Bh3 Ke7 33. Bxe6 Nxe6 34. b4 axb4 35. axb4 gxh4 36. gxh4 b6 37. Nd3 Kd6 38. f4 c5 39. f5 Ng7 40. bxc5+ bxc5 41. Kd2 Nh5 42. Ke2 Ng3+ 43. Kf3 Nf1 44. Kg4 Ne3+ 45. Kh5 Nxc4 46. Kxh6 Ne5 47. Kg7 Nxd3 48. h5 Ne5 49. h6 Ke7 50. h7 Nf7 51. e5 fxe5 52. f6+ Ke6 0-1